| 000 | 00535nam a2200217Ia 4500 | ||
|---|---|---|---|
| 003 | OSt | ||
| 005 | 20251105102508.0 | ||
| 008 | 210210b1994 xxu||||| |||| 00| 0 eng d | ||
| 040 | _cAL | ||
| 041 | _aKannada | ||
| 082 | _a546 SONT | ||
| 100 |
_aSONI (P L). _9243984 |
||
| 245 | _aText book of inorganic chemistry. | ||
| 250 | _a20 | ||
| 260 |
_aN D _bSultan Chand & Sons _c1994 |
||
| 300 | _axx,3.447,12 | ||
| 650 |
_aInorganic Chemistry _9243985 |
||
| 690 |
_aInorganic Chemistry _9243985 |
||
| 906 | _a048479 | ||
| 942 |
_2ddc _cBK |
||
| 999 |
_c97298 _d97298 |
||